Spectrochemical analysis ; arranged particularly for the D.C. arc analysis of minerals, rocks, and soils, and applicable also to ceramic materials, refractories, slag, biological ash, and powders in general /

Bibliographic Details
Main Author: Ahrens, L. H. (Louis Herman), 1918-
Format: Book
Language:English
Published: Cambridge, Mass. : Addison-Wesley, 1950.
Subjects:

MARC

Tag First Indicator Second Indicator Subfields
LEADER 00000cam a2200000 4500
001 in00000048157
005 20151007065552.0
008 740718s1950 mau b 00000 eng u
010 |a  51009239  
035 |a (OCoLC)00950643 
035 |9 AAE2252AM 
040 |c WPG  |d TXA  |d UtOrBLW 
049 |a TXAM  |c [183788] 
090 |a QD95  |b .A35 
092 |a 544.6  |b A287s 
100 1 |a Ahrens, L. H.  |q (Louis Herman),  |d 1918- 
245 1 0 |a Spectrochemical analysis ;  |b arranged particularly for the D.C. arc analysis of minerals, rocks, and soils, and applicable also to ceramic materials, refractories, slag, biological ash, and powders in general /  |c Foreword by George R. Harrison. 
264 1 |a Cambridge, Mass. :  |b Addison-Wesley,  |c 1950. 
300 |a xxiv, 269 pages, 73 unnumbered pages :  |b illustrations ;  |c 24cm. 
336 |a text  |b txt  |2 rdacontent 
337 |a unmediated  |b n  |2 rdamedia 
338 |a volume  |b nc  |2 rdacarrier 
504 |a Bibliography: pages 233-254. 
650 0 |a Spectrum analysis. 
999 |a MARS 
999 f f |s a4ff9ea4-35c5-3b8a-aaaa-8d6f207d9dab  |i 17babf16-e5fb-3fff-a65c-5571079bc95c  |t 0 
952 f f |p ric  |a Texas A&M University  |b Rellis Campus  |c Joint Library Facility  |d Remote Storage  |t 0  |e QD95 .A35  |h Library of Congress classification  |i unmediated -- volume  |m A14800940223 
998 f f |a QD95 .A35  |t 0  |l Remote Storage